Statistics for Biggest Cities in Europe starting with G

Click here to take the quiz!

General Stats

  • This quiz has been taken 90 times
    (28 since last reset)
  • The average score is 10 of 17

Answer Stats

PopulationCountryAnswer% Correct
458,000PolandGdansk
92%
462,000SwedenGothenburg
88%
172,000SwitzerlandGeneva
85%
656,000ItalyGenoa
85%
616,000United KingdomGlasgow
85%
238,000AustriaGraz
81%
230,000BelgiumGent
77%
151,000FranceGrenoble
73%
243,000SpainGranada
69%
172,000NetherlandsGroningen
50%
264,000SpainGijon
46%
475,000BelarusGomel
46%
254,000PolandGdynia
38%
330,000RomaniaGalati
35%
282,000GermanyGelsenkirchen
35%
301,000BelarusGrodno
27%
211,000PolandGliwice
15%

Score Distribution

Percentile by Number Answered

Percent of People with Each Score

Your Score History

You have not taken this quiz since the last reset